Romeo & Juliet: Who's Still Alive? Quiz Stats

 Plays Quiz not verified by Sporcle

Score 0/14 Timer 03:00
1 Play Today
% Correct
Friar Lawrence
93%
Nurse
92.8%
Lady Capulet
90.9%
Friar John
89.8%
Balthasar
88%
Montague
87.8%
Gregory
86.1%
% Correct
Capulet
86%
Rosaline
85.7%
Prince Escalus
82.5%
Abram
82.3%
Benvolio
80.4%
Peter
78.6%
Sampson
76.6%

You're not logged in!

Compare scores with friends on all Sporcle quizzes.
OR
Log In

Sporcle TV

Today on Sporcle TV


Watch our educational content, quiz creation guides, and fun videos on Sporcle TV.

Show Comments

Extras

Top Quizzes Today


Score Distribution

Your Account Isn't Verified!

In order to create a playlist on Sporcle, you need to verify the email address you used during registration. Go to your Sporcle Settings to finish the process.

Report this User

Report this user for behavior that violates our Community Guidelines.

Details: